000 00760nam a2200193 i 4500
001 46731
003 ES-MaACL
007 t|
008 030331s1979 sp ||||1| spa d
111 2 _aCongreso Internacional de Teatro para la Infancia y la Juventud
_n(6º.
_d1978.
_cMadrid)
_9455
245 1 0 _aVI Congreso Internacional de Teatro para la Infancia y la Juventud
_b: [Madrid 10-17 de junio de 1978].
260 _a[Madrid :
_bDirección General de Teatro y Espectáculos,
_c1979]
300 _a179 p. :
_bil. ;
_c24 cm.
500 _aPrecede al tít.: Centro Español de la A.S.S.I.T.E.J.
710 2 _aCentro Español de la A.S.S.I.T.E.J.
_92731
852 _aES-MaACL
_jL-670
_bR.99579
852 _aES-MaACL
_jL-671
_bR.99580
999 _c46731
_d46731